| 000 | 01083nam a22003497a 4500 | ||
|---|---|---|---|
| 003 | CHAP | ||
| 005 | 20220329135003.0 | ||
| 008 | 971013s1981 r 00010 d | ||
| 010 | _a29113 | ||
| 011 | _a30085 | ||
| 035 | _a34197 | ||
| 040 | _cCHAP | ||
| 082 |
_a662.669 _bM2Y |
||
| 100 | 0 | 0 |
_aMcMullan, J. T. _973710 |
| 245 | _aRecursos energéticos | ||
| 260 |
_aBarcelona : _bBlume, _c1981 |
||
| 300 |
_a226 p. _b: ilus. ; gráfs |
||
| 490 |
_aBlume ecología _v; 13 |
||
| 590 |
_aBATCH-UPD _b10 _c20130110 _lUCH01 _h1540 |
||
| 590 |
_aBATCH-UPD _b10 _c20130410 _lUCH01 _h0942 |
||
| 590 |
_aBATCH-UPD _b10 _c20130914 _lUCH01 _h1307 |
||
| 590 |
_aCONVERSION _b10 _c20130109 _lUCH01 _h1317 |
||
| 650 | 1 | 4 |
_aEnergéticos. _936879 |
| 650 | 1 | 4 |
_aEnergía. _936881 |
| 700 | 0 |
_aMorgan, R. _978802 |
|
| 700 | 0 |
_aMurray, R. B. _979830 |
|
| 830 | 0 |
_aBlume ecología _v; 13 _913230 |
|
| 901 | _aBK | ||
| 942 | _cLIBRO | ||
| 949 |
_a662.669 M2Y _bBC _cLIBRO _d33724000130431 _eLIBRO _h66635 _i34197 _si _t2.80 |
||
| 949 |
_a662.669 M2Y _bBC _cLIBRO _d33724000130449 _eLIBRO _fc.2 _h66636 _i34197 _si _t2.80 |
||
| 999 |
_c29113 _d29113 |
||